MDQL
is popping MORE tags! Check the
thread
!
Quizzes
Events
Quiz Creation
Community
Videos
Private Events
Remove Ads
Sign In
Join for FREE
Feedback
Dark Mode
Quiz Categories
Sports
Geography
Music
Movies
Television
Just For Fun
Miscellaneous
History
Literature
Language
Science
Gaming
Entertainment
Religion
Holiday
For Kids
Quiz Lab
Recent
Popular Today
Quiz Kudos Today
Editor Picks
Curator Picks
Quizzes by...
Day
Popularity
Type
Ratings
Length
Year
Community
Subscriptions
Recent Discussions
Orange Saloon
Badges
Playlists
Quests
Create
Leaderboards
Showdown
Live 5
Trivia Bingo
Activity
Puzzle Library
Sporcle Events
Private Events
Virtual Trivia
Globe League
Become a Host
Pub Owners
SporcleCon
Opinionation
Our Games
Videos
Blog
Mobile Apps
Partnerships
Remove Ads and Go Orange
Feedback
Gaming
Video Games
Board Games
Card Games
Pokémon
Mario
Nintendo
Minecraft
Console
Toys
Legend of Zelda
Gaming
Video Games
Board Games
Card Games
Pokémon
Mario
Nintendo
Minecraft
Console
Toys
Legend of Zelda
Random Quiz
Search Sporcle
×
Quiz Lab
Quiz Lab
Gaming
location
Type in answers that appear in a list
Type in answers that appear in a list
Classic
Best Score? Go Orange.
Locations in Sinnoh Stats
Can you name the Locations in Sinnoh?
By
MathijsP
10m
53 Questions
121 Plays
121 Plays
121 Plays
Comments
Comments
Give Quiz Kudos
Give Quiz Kudos
-
- Ratings
hide this ad
Replay
Link that replays current quiz
Next Quiz
Link to next quiz in quiz playlist
You Got
0%
They Got
Avg Score
58%
Avg Friend Score
Upgrade to see
Score Distribution
Jump to the score distribution portion of the page
Score
0/53
Timer
10:00
0
Plays Today
% Correct
Twinleaf Town
91.7%
Snowpoint City
91.7%
Jubilife City
89.3%
Eterna City
88.4%
Oreburgh City
88.4%
Sandgem Town
84.3%
Veilstone City
83.5%
Canalave City
82.6%
Hearthome City
82.6%
Sunyshore City
81.8%
Pastoria City
81%
Celestic Town
78.5%
Pokémon League
76.9%
Solaceon Town
76.9%
Floaroma Town
74.4%
Iron Island
68.6%
Lake Acuity
68.6%
Lake Valor
68.6%
Lake Verity
68.6%
Resort Area
67.8%
Eterna Forest
65.3%
Fight Area
64.5%
Survival Area
64.5%
Spear Pillar
64.5%
Newmoon Island
58.7%
Stark Mountain
58.7%
Fullmoon Island
57.9%
% Correct
Valley Windworks
57.9%
Victory Road
55.4%
Fuego Ironworks
53.7%
Oreburgh Mine
52.9%
Snowpoint Temple
52.9%
Pal Park
52.1%
Mt. Coronent
51.2%
Great Marsh
50.4%
Solaceon Ruins
45.5%
Turnback Cave
43.8%
Valor Lakefront
42.1%
Wayward Cave
42.1%
Acuity Lakefront
41.3%
Old Chateau
40.5%
Oreburgh Gate
38.8%
Verity Lakefront
38.8%
Floaroma Meadow
38%
Sendoff Spring
36.4%
Flower Paradise
34.7%
Pokémon Mansion
34.7%
Hall of Origin
32.2%
Lost Tower
32.2%
Ravaged Path
30.6%
Seabreak Path
27.3%
Spring Path
27.3%
Trophy Garden
18.2%
Quiz Playlist
Details
Report
Send in Message
Add To Playlist
Classic:
Type in answers that appear in a list
Quiz Source
Last Updated: Feb 16, 2017
Quiz Scoreboard
CHALLENGE
Sign Up to Join the Scoreboard
Show All
Scores
Hide
Comments
May contain spoilers
Recently Published
Holiday 10x10 Sorting Gallery
by lukepisani3
Holiday
15m
Two Season TV Shows II
by 123Four
Television
10m
Image Sorting: Flags VI
by Barbecue
Geography
2m
More to Explore
Quiz From the Vault
Featured Blog Post
14 Easter Pick-up Lines to Find Eggs With
hide this ad
You Might Also Like...
Tags
location
sinnoh
Today's Top Quizzes in Gaming
Browse Gaming
hide this ad
Today's Top Quizzes in location
Browse location
Top Contributed Quizzes in Gaming
1
League of Legends Pro Players by Career/Team History
2
Genshin Impact Logic Puzzle
3
Destiny 2 exotic weapons by perk icons
4
Genshin murder mystery
5
4x4 Decades: Video Games
6
Genshin Impact Logic Puzzle Quiz
7
Ultimate Genshin Impact Logic Puzzle (up to 4.3)
8
Dead By Daylight Logic Puzzle
9
Who's on the WWE 2K24 Cover?
10
Overwatch Logic Puzzle
Explore More
Trending Topics
Harry Potter
Marvel
Anime
NBA
Kpop
Disney
Crossword
Country
WWE
Puzzle
NFL
Soccer
Pokémon
The Office
Song
hide this ad
More By:
MathijsP
Quiz
Plays
Rating
Category
Featured
Created
Official Languages of Europe
311,120
4.46
Language
Nov 13, 2009
Daenerys' Titles
36,353
4.54
Literature
Dec 12, 2012
Song of Ice and Fire Email Addresses
26,980
4.36
Literature
Nov 4, 2012
Official Languages of South America
4,383
3.10
Language
Nov 14, 2009
Pokémon with unique type combinations
4,297
3.43
Gaming
Sep 26, 2009
Go to Creator's Profile
Score Distribution
Quiz Creator Spotlight
MathijsP
Follow
Send a Message
Quizzes Created
-
Created Quiz Play Count
-
More By This Creator
Popular Quizzes Today
1
Find the US States - No Outlines Minefield
2
Colored Red Africa Blitz
3
Find the 'City' Movie
4
The Countries of the World
5
5x2 Blitz: Bands
6
Find the Countries of Europe - No Outlines Minefield
7
Find the US States
8
US States
More Gaming Quizzes
Rated 99 in Madden 2011
Published
Trending Quizzes
Colored Red Europe Blitz I
Colored Red Europe Blitz II
Colored Red Africa Blitz II
Even More Two Season TV Shows
Colored Red Africa Blitz III
Recently Updated
Odd Team Out - Big 4 Players
pecheneg
Quick Pick: 20 Twenties
pecheneg
March Madness Men's Triple Doubles
pecheneg
How Do You Spell That?
pecheneg
Godzilla Movies
pecheneg
Grab Bag: 4-10 Letters
pecheneg
2024 March Madness Bracket
pecheneg
Famous TV Couples
Peacemaker
Champions League XIs: Real Madrid
pecheneg
Largest US Cities 1790-2010
pecheneg
Trending Topics
Kpop
Crossword
Disney
Anime
Marvel
Harry Potter
NBA
The Office
NFL
Soccer
Song
Puzzle
Country
WWE
Pokémon
Your Account Isn't Verified!
In order to create a playlist on Sporcle, you need to verify the email address you used during registration. Go to your
Sporcle Settings
to finish the process.
Report this User
Report this user for behavior that violates our
Community Guidelines
.
Details:
Send Report
Go to the Sporcle.com Mobile Site →
Comments